000 00860nam a22002892a 4500
001 31335
003 BD-RjUL
005 20211209051704.0
008 140415s19711956nyua b 001 0 eng d
035 _a(BD-RjUL)31422
040 _aDLC
_cCMC
_dDLC
_dOCL
_dNLM
_dUKM
_dEQO
_dBD-RjUL
_beng
041 _aeng
060 0 _aBF 121
_bM847i 1966
082 _a150
_bMOI 1971
100 1 _aMorgan, Clifford Thomas.
_966510
245 1 0 _aIntroduction to psychology /
_cClifford T. Morgan [and] Richard A. King
250 _a4th ed
260 _aNew York :
_bMcGraw-Hill,
_cc1971.
300 _axiii, 784 p. :
_billus. ;
_c25 cm
504 _aIncludes bibliographies and index.
650 0 _aPsychology
_966511
650 2 _aPsychology
_966512
700 1 _aKing, Richard Austin.
_966513
942 _2ddc
_cBK
999 _c31335
_d31335